LEADER 01234nam a2200301 u 4500 001 000000047569 003 CaOOAMICUS 005 20070226114911.0 008 991129s1996 it u000 u ita u 020 $a8878026336 035 $a10836394 040 $aPUL$bita$dPUL(R) 100 1 $aHusserl, Edmund,$d1859-1938.$0(OLS)http://pul/name/10441 245 10$aLibro dello spazio /$cEdmund Husserl ; a cura di Vincenzo Costa ; presentazione di Michele Lenoci. 260 $aMilano :$bGuerini e associati,$c1996. 300 $a141 p. ;$c23 cm 490 1 $aSensibilia ;$v4 504 $aBibliografia in nota. 650 4$aMetafisica.$0(OLS)http://pul/subject/433 700 1 $aLenoci, Michele.$0(OLS)http://pul/name/16097 700 1 $aCosta, Vincenzo,$d1964-$0(OLS)http://pul/name/34421 830 0$aSensibilia ;$v4.$0(OLS)http://pul/title/64052 850 $aPUL 852 $aPUL$W1$xSL Filosofia 1$y2$m86 D 90$j63544$nBK-PRI$b $qStampati$B63544$CPULBib$Z2$F63544 $H $81 941 1 $a8 996 $6020$a8878026336$9(OLS)http://pul/number/59461 996 $6245$aLibro dello spazio$9(OLS)http://pul/title/64051 996 $6260$aMilano :$bGuerini e associati$9(OLS)http://pul/publisher/54431 LEADER 01767nam a2200325 a 4500 001 000000162435 003 CaOOAMICUS 005 20170906112119.0 008 170906s2016 it frm z001 0 ita r 032 $aLibriCat 040 $aPUL$bita 100 1 $aValerani, Simone.$0(OLS)http://pul/name/104195 245 10$aMorale e spiritualitā nella maturazione della coscienza : $bil contributo pedagogico di Padre Domenico Bassi, Barnabita (1875-1940) / $cSimone Valerani. 260 $aRomae :$b[s.n.],$c2016. 300 $a74 p.;$c24 cm 500 $aIn testa al front.: Pontificia Universitas Lateranensis, Academia Alfonsiana, Institutum Superius Theologiae Moralis 502 $aEstratto daTesi di Dottorato in Teologia morale--Pontificia Universitā Lateranense. Accademia Alfonsiana, 2016. 504 $aBibliografia in nota a pič pagina. 650 4$aMorte$xAspetti morali e religiosi.$0(OLS)http://pul/subject/38230 650 4$aCura (etica).$0(OLS)http://pul/subject/44134 710 2 $aAccademia Alfonsiana. Istituto superiore di Teologia morale.$kTesi.$0(OLS)http://pul/name/81838 850 $aPUL 852 $aPUL$W1$xDP1 Tesi Acc. Alfonsiana$y28$m2016 B 23$j181749$qTesi$B189650$CPULBib$Z2$F189650 $82 910 $aPontificia Universitā Lateranense. $bAccademia Alfonsiana$981838 910 $aIstituto superiore di Teologia morale. Accademia Alfonsiana$981838 910 $aAcademia Alfonsiana. Institutum superius theologiae moralis$981838 941 1 $a16 996 $6245$aMorale e spiritualitā nella maturazione della coscienza : $bil contributo pedagogico di Padre Domenico Bassi, Barnabita (1875-1940) / $9(OLS)http://pul/title/202189 996 $6260$aRomae :$b[s.n.]$9(OLS)http://pul/publisher/48223